Online Catalogue and eLibrary

Postmodern Revisionings of the Political (Record no. 1057)

MARC details
000 -LEADER
fixed length control field 00498nam a2200193Ia 4500
005 - DATE AND TIME OF LATEST TRANSACTION
control field 20250312043718.0
008 - FIXED-LENGTH DATA ELEMENTS--GENERAL INFORMATION
fixed length control field 240331s9999 xx 000 0 und d
020 ## - INTERNATIONAL STANDARD BOOK NUMBER
ISBN 0415901987
082 ## - DDC Classification
Class No. 301.01
Item Number - Author Mark YEA
DDC Edition Number 3734
100 ## - MAIN ENTRY--PERSONAL NAME
Personal name Yeatman, A
245 #0 - TITLE STATEMENT
Title Postmodern Revisionings of the Political
260 ## - PUBLICATION, DISTRIBUTION, ETC.
Place of publication, distribution, etc. London;
-- New York,
Name of publisher, distributor, etc. Routledge
Date of publication, distribution, etc. 1994
300 ## - PHYSICAL DESCRIPTION
Extent (e.g. Volumes, Pages etc.) xii, 141 p.,
650 ## - SUBJECT ADDED ENTRY--TOPICAL TERM
Topical term or geographic name entry element Postmodernism
650 ## - SUBJECT ADDED ENTRY--TOPICAL TERM
Topical term or geographic name entry element Equality
650 ## - SUBJECT ADDED ENTRY--TOPICAL TERM
Topical term or geographic name entry element Social Science
650 ## - SUBJECT ADDED ENTRY--TOPICAL TERM
Topical term or geographic name entry element Postcolonialism
942 ## - Koha item type (Biblio)
Koha item type Books in Stacks (Lending)
Holdings
Lost status Damaged status Collection code Home library Current library Shelving location Date acquired Full call number Accession Number Item type
    Lending WERC Library WERC Library Social Science Cupboard 03/31/2024 301.01 YEA 3734 Books in Stacks (Lending)

© WERC Library